[Event "GER CM04-A email"]
[Site "GER email"]
[Date "2017.06.26"]
[Round "?"]
[White "Felkel, Siegfried"]
[Black "Malchev, Emil"]
[Result "1/2-1/2"]
[WhiteElo "2394"]
[BlackElo "2417"]
[PlyCount "107"]
[EventDate "2017.??.??"]
[EventType "tourn (corr)"]
[EventRounds "10"]
[EventCountry "GER"]
[SourceTitle "Corr 2020"]
[Source "ChessBase"]
[SourceDate "2019.09.30"]
[SourceVersion "1"]
[SourceVersionDate "2019.09.30"]
[SourceQuality "1"]

1. d4 d5 2. c4 e6 3. Nc3 Be7 4. cxd5 exd5 5. Bf4 c6 6. e3 Bf5 7. g4 Be6 8. h3 Nd7 9. Nf3 g5 10. Bh2 h5 11. gxh5 Rxh5 12. Rg1 Bf5 13. Ne5 Rh8 14. Qf3 Be6 15. 0-0-0 Ngf6 16. Kb1 g4 17. Qe2 gxh3 18. Nd3 Nf8 19. f3 Bd6 20. Nf4 Qc7 21. Qd2 Bf5+ 22. Bd3 Bxd3+ 23. Qxd3 Qe7 24. e4 Bxf4 25. Bxf4 0-0-0 26. Bh2 Ne6 27. Rc1 Rh5 28. a3 dxe4 29. fxe4 Rxd4 30. Qf3 Rc5 31. Qg3 Nc7 32. Qxh3+ Rd7 33. e5 Nfe8 34. Rce1 Qe6 35. Qxe6 Nxe6 36. Rg8 Rd8 37. Rg4 N6c7 38. Rh4 Nb5 39. Ne4 Rcd5 40. Ka2 Nec7 41. a4 Nd4 42. Nd6+ Kb8 43. Rf1 Nde6 44. Rxf7 b6 45. Rh6 Rd3 46. Rf1 Rf8 47. Rxf8+ Nxf8 48. b3 Nce6 49. Ka3 Nd4 50. Bg1 Nfe6 51. Rh8+ Kc7 52. Rh7+ Kb8 53. Ka2 Rd2+ 54. Ka3 1/2-1/2

[Event "GER CM04-A email"]
[Site "GER email"]
[Date "2017.06.26"]
[Round "?"]
[White "Malchev, Emil"]
[Black "Bars, Joachim"]
[Result "1/2-1/2"]
[WhiteElo "2417"]
[BlackElo "2386"]
[PlyCount "75"]
[EventDate "2017.??.??"]
[EventType "tourn (corr)"]
[EventRounds "10"]
[EventCountry "GER"]
[SourceTitle "Corr 2020"]
[Source "ChessBase"]
[SourceDate "2019.09.30"]
[SourceVersion "1"]
[SourceVersionDate "2019.09.30"]
[SourceQuality "1"]

1. e4 c5 2. Nf3 d6 3. Nc3 Nf6 4. d4 cxd4 5. Qxd4 Nc6 6. Bb5 Bd7 7. Qd3 g6 8. Bg5 Bg7 9. 0-0-0 Ng4 10. Qd2 h6 11. Bh4 Rc8 12. Rhe1 0-0 13. Bxc6 Bxc6 14. h3 Ne5 15. Nxe5 Bxe5 16. Qxh6 Qc7 17. Re2 b5 18. Qe3 Qa5 19. Kb1 Bxc3 20. Qxc3 Qxc3 21. bxc3 f6 22. f4 Kf7 23. Kb2 Rg8 24. e5 dxe5 25. fxe5 g5 26. Be1 f5 27. e6+ Kf6 28. h4 Rgd8 29. Rxd8 Rxd8 30. Bf2 Be4 31. hxg5+ Kxg5 32. Bxa7 Rd6 33. g3 Rxe6 34. Bc5 Kg4 35. Re3 Bd5 36. Rxe6 Bxe6 37. Bxe7 Kxg3 38. Ka3 1/2-1/2